02305nam a2200265 i 4500003000900000005001700009007000300026008004100029020001800070040003000088082001500118110005900133240004700192245010700239264003500346300004100381336002700422337003400449338002800483500002200511504002900533520139300562650003001955710005401985DO-SdBNP20250611073819.0ta240815s2023 dr d 000 j spa d a9789945644586 aDO-SdBNPbspacBNPHUerda 222bR426ma1 aRepública Dominicana.bMinisterio de Salud Pública1 aTratamiento Preventivo para Tuberculosis /10aManual de procedimientos para la administración del tratamiento preventivo para tuberculosis (TPT) / 1aSanto Domingo :bMspas,c2023. a69 páginas, bgrafícas c22 cm. 2rdacontentatextobtxt 2rdamediaasin mediación bn 2rdacarrieravolumenbnc aLibro en espiral. aBibliografía p: 62-64. aLa tuberculosis (TB) persiste como un problema de salud pública en la República Dominicana, afectando especialmente a poblaciones clínica y socialmente vulnerables. El tratamiento preventivo de la TB (TPT) es una de las intervenciones clave recomendadas por la OMS para alcanzar las metas de la Estrategia Fin de la TB, tal como se sostuvo en la Reunión de Alto Nivel de las Naciones Unidas sobre la TB en septiembre del 2018. El Ministerio de Salud Pública y Asistencia Social a través del Viceministerio de Salud Colectiva y el Programa de Tuberculosis (PT), Programa de VIH-ITS (antigua Dirección General de Enfermedad Sexual y SIDA-DIGECITSS), Servicio Nacional de Salud (SNS) y referentes de Pediatría junto con el apoyo de Fondo Mundial ha desarrollado el presente manual para la estandarización de los procedimientos para la administración de la TPT en el país. El presente manual, es parte una estrategia nacional dotada también con herramientas de monitoreo y evaluación junto con cursos para desarrollar capacidades en el personal de salud que permitan replicar las estrategias en los diferentes niveles. Este manual establece las bases y procedimientos para una realización óptima de la TPT que contribuya en la prevención de la enfermedad y a largo plazo en la reducción de la transmisión e incidencia de la TB en la República Dominicana. 4aTuberculosisxTratamiento1 aMinisterio de Salud Pública y Asistencia Social